Pays produisant le plus de bleuets - Statistiques

Statistiques générales
  • Ce quiz a été pris 55 fois
  • Le résultat moyen est 13 sur 20
Statistiques - réponses
100 tonnes pays % Correct
89 France
96%
2366 Etats-Unis
92%
1602 Canada
90%
354 Espagne
90%
17 Italie
90%
138 Allemagne
88%
29 Russie
87%
367 Mexique
81%
98 Portugal
71%
163 Pologne
69%
3 Suisse
69%
87 Pays-Bas
58%
69 Australie
56%
14 Ukraine
54%
3 Roumanie
52%
30 Nouvelle-Zélande
44%
523 Pérou
31%
4 Lettonie
25%
1 Lituanie
19%
7 Ouzbékistan
2%
Aucun quiz correspondant
Distribution des résultats
% des personnes avec chaque résultat
Percentile par nombre de réponses
Votre historique - résultats
Vous n’avez pas pris ce quiz